Situace v hlaních zemích

Hospodárska situácia v USA, Japonsku, V. Británii, SRN, Francúzsku, Taliansku v 3. štvrťroku 1994. Hrubý domáci produkt, priemyselná výroba, miera nezamestnanosti, celkový domáci dopyt, miera inflácie, obchodná bilancia v sledovaných krajinách. Prognózy hospodárskeho vývoja na r. 1995 v krajinách OE...

Descripción completa

Guardado en:
Detalles Bibliográficos
Formato: Capítulo de libro
Lenguaje:checo
Materias:
Etiquetas: Agregar Etiqueta
Sin Etiquetas, Sea el primero en etiquetar este registro!

MARC

LEADER 00000naa a2200000 4500
001 r024693
005 20221205090500.8
041 0 |a cze 
044 |a CZ 
245 1 0 |a Situace v hlaních zemích 
520 |a Hospodárska situácia v USA, Japonsku, V. Británii, SRN, Francúzsku, Taliansku v 3. štvrťroku 1994. Hrubý domáci produkt, priemyselná výroba, miera nezamestnanosti, celkový domáci dopyt, miera inflácie, obchodná bilancia v sledovaných krajinách. Prognózy hospodárskeho vývoja na r. 1995 v krajinách OECD. 
610 2 0 |a situácia hospodárska 
610 2 0 |a rozvoj hospodársky 
610 2 0 |a 1994 
610 2 0 |a USA 
610 2 0 |a Veľká Británia 
610 2 0 |a Japonsko 
610 2 0 |a Nemecko 
610 2 0 |a Francúzsko 
610 2 0 |a Taliansko 
610 2 0 |a produkt domáci hrubý 
610 2 0 |a výroba priemyselná 
610 2 0 |a nezamestnanosť 
610 2 0 |a inflácia 
610 2 0 |a bilancia obchodná 
610 2 0 |a ceny 
610 2 0 |a investície súkromné 
610 2 0 |a prognózy hospodárske